مكتبة جامعة عجلون الوطنية

فهرس بحث المكتبة

Normal view MARC view
  • رحلات الحج-الحج-وصف ورحلات-بريطانيا-وصف ورحلات

Entry Topical Term

Number of records used in: 1

001 - CONTROL NUMBER

  • control field: 63465

003 - CONTROL NUMBER IDENTIFIER

  • control field: JO-AjAnu

005 - DATE AND TIME OF LATEST TRANSACTION

  • control field: 20230606084347.0

008 - FIXED-LENGTH DATA ELEMENTS

  • fixed length control field: 230606|| aca||aabn | a|a d

040 ## - CATALOGING SOURCE

  • Original cataloging agency: JO-AjAnu
  • Transcribing agency: JO-AjAnu

150 ## - HEADING--TOPICAL TERM

  • Topical term or geographic name entry element: رحلات الحج-الحج-وصف ورحلات-بريطانيا-وصف ورحلات

670 ## - SOURCE DATA FOUND

  • Source citation: Work cat.: (JO-AjAnu)32357: حسن، حافظ احمد ؛ دراسة وتحقيق احمد حامد القضاة، دراسة وتحقثق احمد عبد العزيز العيدي؛ ترجمة يارا عمرو محمد اللقطه, author 63464, الحج الى الكعبة والرحلة الى تشارينغ كروس